Urzędnicy i personel zamku arcybiskupów gnieźnieńskich w Łowiczu (XIV w.-1531 r.)

Titel: Urzędnicy i personel zamku arcybiskupów gnieźnieńskich w Łowiczu (XIV w.-1531 r.) / Michał Słomski
Verfasser:
Ausgabe: Wydanie 1
Veröffentlicht: Warszawa : Instytut Historii PAN, 2017
Umfang: 295 Seiten : Karten
Format: Buch
Sprache: Polnisch
Schlagworte:
ISBN: 9788365880017
Buchumschlag
X
alg: 42351132
001A    $03004:01-12-17 
001B    $01999:08-11-24 $t21:22:05.000 
001C    $03004:01-12-17 $t11:37:26.000 
001D    $03004:03-01-18 
001U    $0utf8 
001X    $00 
002@    $0Aau 
002C    $aText $btxt $2rdacontent 
002D    $aohne Hilfsmittel zu benutzen $bn $2rdamedia 
002E    $aBand $bnc $2rdacarrier 
003@    $0423511327 
004A    $A978-83-65880-01-7 
007A    $0423511327 $aHEB 
010@    $apol 
010E    $erda 
011@    $a2017 
021A    $aUrzędnicy i personel zamku arcybiskupów gnieźnieńskich w Łowiczu (XIV w.-1531 r.) $hMichał Słomski 
028A    $BVerfasser $4aut $D20231015 $Ecgwrk $71154394190 $8Słomski, Michał [Tp3] $9427443652 
032@    $aWydanie 1 
033A    $pWarszawa $nInstytut Historii PAN 
034D    $a295 Seiten 
034M    $aKarten 
037A    $aLiteraturverzeichnis Seite 252-273 
044K    $RWoiwodschaft Lodz $#Lowitsch $#Lovich $74198980-6 $8Łowicz [Tg1] $9086003437 
044K    $RAdelshaus $RResidenz $RPalast $#Castles $#Châteaux $#Châteaux forts $#Schlossbau $#Schlösser $74052753-0 $8Schloss [Ts1] $908514701X 
044K    $RArbeitnehmer $RBelegschaft $RMitarbeiterin $#Employees $#Personnel $#Mitarbeiter $#Personal $#Personal $74120744-0 $8Mitarbeiter [Ts1] $9085387053 
044K    $RÖffentlicher Dienst $#Public administration $#Administration publique $#Administration $#Administration $#Administration $#Öffentliche Verwaltung $#Staatsverwaltung $#Verwalten $#Verwaltungssystem $74063317-2 $8Verwaltung [Ts1] $9085177431 
045R    $aGeschichte 1301-1531 
046L    $aZusammenfassung in englischer Sprache 

lok: 42351132 24

exp: 42351132 24 1 #EPN
201B/01 $003-01-18 $t08:00:32.000 
201C/01 $001-12-17 
201U/01 $0utf8 
203@/01 $01012236072 
208@/01 $a03-01-18 $bz 
209A/01 $a17.07892 $du $f050 $h17 07892 $x00 
209C/01 $a17.07892 K $h17 07892 K 
209G/01 $a73981549 $x00 
220C/01 $aho-sz 
247C/01 $8358050-7 Marburg, Bibliothek des Herder-Instituts Marburg $9102600961 

lok: 42351132 78

exp: 42351132 78 1 #EPN
201B/01 $012-03-24 $t09:46:52.000 
201C/01 $028-06-18 
201U/01 $0utf8 
203@/01 $01023933659 
208@/01 $a28-06-18 $be 
209A/01 $a/ $f000 $x00 
209A/01 $ab*p $x01 
220C/01 $aeja 
244Z/01 $#Generalgouvernement Polen $#Polska $#Rzeczpospolita Polska $#Polska Rzeczpospolita Ludowa $#Poland $#Pologne $#République Polonaise $#Generalne Gubernatorstwo w Polsce $#Polish People's Republic $#Polska Rzeczpospolita Polen $#PRL $#RP $#Polen Generalgouvernement $#Polska Generalgouvernement $#Besetzte Polnische Gebiete $#Besetztes Gebiet in Polen $#Okupowane Polskie Obszary $#Obszary Okupowane w Polsce $#Volksrepublik Polen $#Polska Rosyjska $#Republic Polen $#Respublika Pol'ša $#Pol'skaja Narodnaja Respublika $#République de Pologne $#Polen Links der Weichsel $#Polska po Lewej Stronie Wisły $#Lenkija $#Polija $#Gubernija Carstva Pol'skago $#Republik Polen $74046496-9 $8--Tg1--Polen $x01 $9085129801 
244Z/01 $#Archidiecezja Gniezno $#Katedra Metropolitalna Gnieźnieńska $#Archidioecesis Gnesnensis $782928-6 $8--Tg1--Archidiecezja Gnieźnieńska $x02 $9040587207 
247C/01 $82080>Marburg/Lahn, Herder-Institut, Forschungsbibliothek, Bibliographieportal $9336309341
LEADER 00000cam a2200000 c 4500
001 423511327
003 DE-603
005 20241108212205.0
007 tu
008 171201s2017 xx |||| | u00||u|pol c
020 |a 9788365880017 
035 |a (DE-599)HEB423511327 
040 |a DE-603  |b ger  |c DE-603  |d DE-603  |e rda 
041 |a pol 
100 1 |a Słomski, Michał  |e Verfasser  |4 aut  |0 (DE-603)427443652  |0 (DE-588)1154394190  |2 gnd 
245 0 0 |a Urzędnicy i personel zamku arcybiskupów gnieźnieńskich w Łowiczu (XIV w.-1531 r.)  |c Michał Słomski 
250 |a Wydanie 1 
264 1 |a Warszawa  |b Instytut Historii PAN  |c 2017 
300 |a 295 Seiten  |b Karten 
336 |a Text  |b txt  |2 rdacontent 
337 |a ohne Hilfsmittel zu benutzen  |b n  |2 rdamedia 
338 |a Band  |b nc  |2 rdacarrier 
500 |a Literaturverzeichnis Seite 252-273 
546 |a Zusammenfassung in englischer Sprache 
648 7 |a Geschichte 1301-1531  |2 gnd 
650 7 |a Schloss  |0 (DE-588)4052753-0  |0 (DE-603)08514701X  |2 gnd 
650 7 |a Mitarbeiter  |0 (DE-588)4120744-0  |0 (DE-603)085387053  |2 gnd 
650 7 |a Verwaltung  |0 (DE-588)4063317-2  |0 (DE-603)085177431  |2 gnd 
651 7 |a Łowicz  |0 (DE-588)4198980-6  |0 (DE-603)086003437  |2 gnd 
924 0 |9 Mb 50  |a (DE-603)1012236072  |b DE-Mb50  |c HES  |d c  |g 17.07892 
924 0 |9 2080  |a (DE-603)1023933659  |b DE-2080  |c HES  |d d  |g /